| LEADER | 01144Cam#a22003135a#4500 | ||
|---|---|---|---|
| 001 | 020714 | ||
| 005 | 20160721155459.0 | ||
| 008 | 090319s2006####mx ado f#f #000|0#spa#d | ||
| 020 | |a 9706866213 | ||
| 040 | |a AR-BeUNQ | ||
| 082 | 0 | 4 | |a 540 |2 21 |
| 100 | 1 | |a Lembrino Pérez, Imelda Luz | |
| 245 | 0 | 2 | |a Química. |c Imelda Luz Lembrino Pérez, J. Sergio Peralta Alastriste. |n II / |
| 260 | |a México, D. F. : |b Thomson, |c c2006. | ||
| 300 | |a vi, 298 p. : |b il. col., gráficos ; |c 25 cm. | ||
| 594 | |a DIPLOMATURA EN CIENCIA Y TECNOLOGIA | ||
| 595 | |a QUIMICA I | ||
| 650 | 7 | |a Química |2 spines | |
| 650 | 7 | |a Química molecular |2 spines | |
| 650 | 7 | |a Carbono |2 spines | |
| 650 | 7 | |a Lípidos |2 spines | |
| 650 | 7 | |a Proteínas |2 spines | |
| 650 | 7 | |a Polímeros |2 spines | |
| 700 | 1 | |a Peralta Alatriste, J Sergio |e aut |4 aut | |
| 929 | |a COMPRA |b Cúspide |c Exp. 827-1009/08 2a. compra |d 39,00 |e 20090304 |f PAT0027785 |j 43391 | ||
| 929 | |a COMPRA |b Cúspide |c Exp. 827-1009/08 2a. compra |d 39,00 |e 20090304 |f PAT0027786 |j 43392 | ||
| 929 | |a COMPRA |b Cúspide |c Exp. 827-1009/08 2a. compra |d 39,00 |e 20090304 |f PAT0027787 |j 43393 | ||
| 942 | |c LIB |n 0 | ||
| 999 | |c 20321 |d 95708 | ||